书目信息 |
| 题名: |
统计学
|
|
| 作者: | 柯树林 , 靳丽丽 主编 | |
| 分册: | ||
| 出版信息: | 北京 科学出版社 2006.07 |
|
| 页数: | 252页 | |
| 开本: | 24cm | |
| 丛书名: | ||
| 单 册: | ||
| 中图分类: | C8 | |
| 科图分类: | ||
| 主题词: | 统计学 | |
| 电子资源: | ||
| ISBN: | 7-03-013597-0 | |
| 000 | 00663 nam 000241 | |
| 001 | 0100001791 | |
| 005 | 20070901103223.21 | |
| 010 | @a7-03-013597-0@dCNY25.00 | |
| 100 | @a20070805d2006 em y0chiy0121 ea | |
| 101 | @achi | |
| 102 | @aCN@b110000 | |
| 105 | @ay z 000yy | |
| 200 | 10 | @a统计学@9tong ji xue@f靳丽丽,柯树林主编@Fjin li li , ke shu lin zhu bian |
| 210 | @a北京@c科学出版社@d2006.07 | |
| 215 | @a252页@d24cm | |
| 300 | @a高等职业教育人才培养创新教材出版工程 | |
| 606 | @a统计学 | |
| 690 | @aC8@v4 | |
| 701 | 1 | @a柯树林@9ke shu lin@4主编 |
| 701 | 0 | @a靳丽丽@9jin li li@4主编 |
| 801 | @aCN@c20070901 | |
| 901 | @a000003 | |
| 905 | @dC8@eJ857 | |
| 统计学/靳丽丽,柯树林主编.-北京:科学出版社,2006.07 |
| 252页;24cm |
| 高等职业教育人才培养创新教材出版工程 |
| ISBN 7-03-013597-0:CNY25.00 |
| ● |
| 相关链接 |
|
|
|
正题名:统计学
索取号:C8/J857
 
预约/预借
| 序号 | 登录号 | 条形码 | 馆藏地/架位号 | 状态 | 备注 |
| 1 | 643769 | 206437694 | 社科库509/509社科库 55排3列6层/ [索取号:C8/J857] | 在馆 | |
| 2 | 643770 | 206437701 | 社科库509/509社科库 55排3列6层/ [索取号:C8/J857] | 在馆 | |
| 3 | 643771 | 206437710 | 社科库509/509社科库 55排3列6层/ [索取号:C8/J857] | 在馆 |